Statistieken voor Kaart van Centraal Amerika en de Caribische Zee Quiz

Klik hier om de quiz te nemen!

Algemene statistieken

  • Deze quiz is 2.153 keer genomen
  • De gemiddelde score is 11 van 14

Antwoorden op de kaart

Antwoorden kleurgecodeerd door een groen-rode schaal op de quizkaart volgens % correct hieronder.
 

Antwoordstatistieken

Antwoord% Correct
Panama
92%
Cuba
87%
Dominicaanse Republiek
86%
Bahama's
83%
Haïti
82%
Jamaica
82%
Belize
80%
Costa Rica
80%
El Salvador
80%
Guatemala
80%
Honduras
79%
Trinidad en Tobago
79%
Nicaragua
75%
Puerto Rico (VS)
73%

Scoreverdeling

Percentiel versus Aantal Correcte Antwoorden

Procent van Mensen met Elke Score

Uw Scoregeschiedenis

U heeft deze quiz nog niet genomen